000 nam a22 a 4500
999 _c430779
_d430779
003 BLK
005 20210901130401.0
008 210901b bu |||||r|||| 00| | bu d
040 _aBLK
041 _aRUS
_cRUS
080 _aОткривателски пътешествия. Експедиции
_b910.4
_x(092)
_z910.4(092)
080 _aГенуезки изследовател и търговец, прекосил Атлантическия океан и достигнал Америка
_b929 Колумб, Христофор
_z929 Колумб, Христофор
100 _91299
_aВалуева-Мунт, Анна Петровна
_eпърви автор
139 _aВалуева-Мунт, Анна Петровна
245 _aХристофор Колумб
_cА. П. Валуева-Мунт
250 _a3-е изд..
257 _aRUS
260 _9463676
_aМосква
_bК. И. Тихомиров
_c1904.
300 _a110 с.
_b1 л. карт. . : портр.
_c18 см
380 _a91
490 _9463677
_aРассказы о великих и хороших людях
_v№ 7
600 1 4 _981616
_aКолумб, Христофор
650 7 _9158967
_aКолумб, Христофор
852 _aЦб 9.175.49093
_bО
942 _cKNG
_n0
_s1
944 _aCR
_c2021-09-01
_kВП